00676nam a2200193Ia 450000500170000000800410001704100080005808200160006610000260008224500290010826000550013730000090019250000250020165000250022670000490025194200070030099900170030795201580032420230308152147.0230125s9999 xx 000 0 und d aeng a658.15bDHA aDhanawade R G9115823 aLegal Aspects of Finance c2010bSymbiosis centre for distance learningaPune a364p aFinancial Management aFinancial Management aDhanawade R G & Nandini Madan, Donor9115824 cDB c93612d93612 00104070aHIMRbHIMRd2015-06-16eDonated Book- Outside Donarg1.00o658.15 DHA DB1973pHIMR-DB-1973r2023-01-25 00:00:00v1.00w2023-01-25yDBzDB1973